000 00440nam a2200133Ia 4500
008 100328s9999 xx 000 0 und d
082 _b35723
100 _aनाङकर्णी सुरेशचंद्र
245 _aक्रीडा ज्ञानकोश
260 _bशालिनी
630 _aक्रीडा ज्ञानकोश
730 _aक्रीडा ज्ञानकोश
942 _cBOOK
999 _c525567
_d525564